Land vs. Land #77 - Statistiken

Allgemein
  • Dieses Quiz wurde 21 mal gespielt
  • Das Durchschnittsergebnis liegt bei 12 aus 14
Antwortstatistiken
Frage Antwort % Korrekt
...Tourismus? Frankreich🇫🇷
100%
...durchschnittlicher IQ? Frankreich🇫🇷
100%
...Gesundheitswesen? Frankreich🇫🇷
95%
...Lebenserwartung? Frankreich🇫🇷
95%
...Gewinner? Frankreich🇫🇷
95%
...HDI (Human Development Index)? Frankreich🇫🇷
90%
...Fläche? Saudi-Arabien🇸🇦
90%
...Einwohner? Frankreich🇫🇷
85%
...Happy Planet Index? Frankreich🇫🇷
85%
..Frieden? Frankreich🇫🇷
85%
...Bruttoinlandsprodukt? Frankreich🇫🇷
75%
...Exportmengen? Frankreich🇫🇷
75%
...Bruttoinlandsprodukt pro Kopf? Frankreich🇫🇷
65%
...Militär? Saudi-Arabien🇸🇦
15%
Keine übereinstimmenden Quizze gefunden
Verteilung der Resultate
Anzahl Personen mit jedem Resultat
Perzentil nach korrekt beantworteten Fragen
Ihre Resultats-Entwicklung
Sie haben dieses Quiz noch nicht gespielt